[Event "Senior Women Russian Championship 2022_HL"]
[Site "Saint-Petersburg, Russia"]
[Date "2022.09.26"]
[Round "3.2"]
[White "Solomonova, Lidiya"]
[Black "Mikhaylova, Irina"]
[Result "1/2-1/2"]
[TimeControl "Standard: 90min/40moves+30min/end+30sec increment per move starting from move 1"]
[WhiteElo "2168"]
[BlackElo "2266"]

1. e4 {[%clk 01:30:57]} {[%emt 00:00:01]} c5 {[%clk 01:30:56]} 2. Nf3 {[%clk
01:31:08]} Nc6 {[%clk 01:31:10]} 3. d4 {[%clk 01:31:33]} cxd4 4. Nxd4 {[%clk
01:31:58]} e5 {[%clk 01:31:06]} 5. Nb5 {[%clk 01:31:48]} {[%emt 00:00:05]} d6
{[%clk 01:31:28]} {[%emt 00:00:08]} 6. c4 {[%clk 01:31:14]} {[%emt 00:01:04]}
Be7 {[%clk 01:31:30]} {[%emt 00:00:28]} 7. N1c3 {[%clk 01:31:20]} {[%emt
00:00:24]} a6 {[%clk 01:31:49]} {[%emt 00:00:12]} 8. Na3 {[%clk 01:31:45]}
{[%emt 00:00:04]} Be6 {[%clk 01:32:08]} {[%emt 00:00:11]} 9. Be3 {[%clk
01:29:45]} {[%emt 00:02:31]} Bg5 {[%clk 01:31:32]} {[%emt 00:01:05]} 10. Nc2
{[%clk 01:26:33]} {[%emt 00:03:42]} Bxe3 {[%clk 01:31:00]} {[%emt 00:01:02]} 11.
Nxe3 {[%clk 01:26:58]} {[%emt 00:00:05]} Nf6 {[%clk 01:31:25]} {[%emt
00:00:06]} 12. Be2 {[%clk 01:26:39]} {[%emt 00:00:48]} O-O {[%clk 01:31:36]}
{[%emt 00:00:20]} 13. O-O {[%clk 01:26:57]} {[%emt 00:00:12]} Nd4 {[%clk
01:30:47]} {[%emt 00:01:18]} 14. Rc1 {[%clk 01:21:47]} {[%emt 00:05:41]} Rc8
{[%clk 01:30:53]} {[%emt 00:00:24]} 15. b3 {[%clk 01:21:50]} {[%emt 00:00:26]}
Qa5 {[%clk 01:30:15]} {[%emt 00:01:08]} 16. Bd3 {[%clk 01:10:36]} {[%emt
00:11:44]} b5 {[%clk 01:16:47]} {[%emt 00:13:58]} 17. Ned5 {[%clk 01:10:04]}
{[%emt 00:01:02]} Nxd5 {[%clk 01:04:29]} {[%emt 00:12:48]} 18. exd5 {[%clk
01:08:38]} {[%emt 00:01:55]} Bf5 {[%clk 01:03:52]} {[%emt 00:01:07]} 19. Bxf5
{[%clk 01:01:55]} {[%emt 00:07:14]} Nxf5 {[%clk 01:04:17]} {[%emt 00:00:05]} 20.
Qd3 {[%clk 01:02:08]} {[%emt 00:00:16]} Nd4 {[%clk 01:01:52]} {[%emt 00:02:55]}
21. Kh1 {[%clk 01:02:25]} {[%emt 00:00:13]} bxc4 {[%clk 00:59:43]} {[%emt
00:02:40]} 22. bxc4 {[%clk 01:02:48]} {[%emt 00:00:07]} Qa3 {[%clk 00:58:02]}
{[%emt 00:02:09]} 23. f4 {[%clk 00:56:56]} {[%emt 00:06:23]} f6 {[%clk
00:55:51]} {[%emt 00:02:41]} 24. h3 {[%clk 00:50:59]} {[%emt 00:06:26]} g6
{[%clk 00:50:06]} {[%emt 00:06:16]} 1/2-1/2

[Event "Senior Women Russian Championship 2022_HL"]
[Site "Saint-Petersburg, Russia"]
[Date "2022.09.26"]
[Round "3.9"]
[White "Sazonova, Elena N."]
[Black "Sorokina, Tamara"]
[Result "1-0"]
[TimeControl "Standard: 90min/40moves+30min/end+30sec increment per move starting from move 1"]
[WhiteElo "2120"]
[BlackElo "2028"]

1. e4 {[%clk 01:30:58]} c5 {[%clk 01:30:51]} 2. Nf3 {[%clk 01:30:56]} d6 {[%clk
01:31:15]} 3. d4 {[%clk 01:31:15]} cxd4 4. Nxd4 {[%clk 01:31:38]} Nf6 {[%clk
01:32:06]} 5. Nc3 {[%clk 01:31:53]} a6 {[%clk 01:32:30]} 6. f4 {[%clk
01:31:07]} {[%emt 00:00:24]} e6 {[%clk 01:32:12]} {[%emt 00:00:48]} 7. Qf3
{[%clk 01:30:59]} {[%emt 00:00:38]} Qc7 {[%clk 01:32:12]} {[%emt 00:00:30]} 8.
Bd3 {[%clk 01:29:41]} {[%emt 00:01:48]} h5 {[%clk 01:28:59]} {[%emt 00:03:43]}
9. Be3 {[%clk 01:24:18]} {[%emt 00:05:52]} Bd7 {[%clk 01:27:45]} {[%emt
00:01:45]} 10. O-O-O {[%clk 01:14:55]} {[%emt 00:09:53]} Nc6 {[%clk 01:27:48]}
{[%emt 00:00:28]} 11. Rhe1 {[%clk 01:13:43]} {[%emt 00:01:42]} O-O-O {[%clk
01:23:50]} {[%emt 00:04:28]} 12. h3 {[%clk 01:07:53]} {[%emt 00:06:20]} Kb8
{[%clk 01:21:45]} {[%emt 00:02:35]} 13. Qf2 {[%clk 01:02:14]} {[%emt 00:06:09]}
Rc8 {[%clk 01:17:03]} {[%emt 00:05:12]} 14. Ndb5 {[%emt 00:02:47]} Qd8 {[%clk
01:16:46]} {[%emt 00:00:44]} 15. Bb6 {[%clk 00:58:41]} {[%emt 00:01:48]} Qe7
{[%clk 01:16:21]} {[%emt 00:00:56]} 16. Ba7+ {[%clk 00:58:17]} {[%emt
00:00:54]} Ka8 {[%clk 01:16:38]} {[%emt 00:00:13]} 17. Na4 {[%clk 00:58:31]}
{[%emt 00:00:17]} b6 {[%clk 01:15:46]} {[%emt 00:01:21]} 18. Nxb6+ {[%clk
00:58:35]} {[%emt 00:00:25]} Kb7 {[%clk 01:16:05]} {[%emt 00:00:11]} 19. Nxc8
{[%clk 00:58:22]} {[%emt 00:00:44]} Kxc8 {[%clk 01:16:30]} {[%emt 00:00:08]} 20.
Nxd6+ {[%clk 00:58:24]} {[%emt 00:00:24]} 1-0

[Event "Senior Women Russian Championship 2022_HL"]
[Site "Saint-Petersburg, Russia"]
[Date "2022.09.26"]
[Round "3.3"]
[White "Sirotkina, Nina"]
[Black "Ovsiannikova, Tatiana"]
[Result "1/2-1/2"]
[TimeControl "Standard: 90min/40moves+30min/end+30sec increment per move starting from move 1"]
[WhiteElo "2190"]
[BlackElo "2009"]

1. d4 {[%clk 01:29:37]} Nf6 {[%clk 01:30:28]} 2. Nf3 {[%clk 01:28:55]} {[%emt
00:00:41]} g6 {[%clk 01:30:07]} {[%emt 00:00:51]} 3. Bf4 {[%clk 01:28:45]}
{[%emt 00:00:40]} Bg7 {[%clk 01:30:09]} {[%emt 00:00:29]} 4. e3 {[%clk
01:28:30]} {[%emt 00:00:44]} O-O {[%clk 01:29:14]} {[%emt 00:01:25]} 5. Be2
{[%clk 01:27:36]} {[%emt 00:01:25]} d5 {[%clk 01:27:15]} {[%emt 00:02:29]} 6.
h3 {[%clk 01:26:32]} {[%emt 00:01:33]} b6 {[%clk 01:25:59]} {[%emt 00:01:45]} 7.
O-O {[%clk 01:25:19]} {[%emt 00:01:43]} Ba6 {[%clk 01:24:47]} {[%emt 00:01:43]}
8. Nbd2 {[%clk 01:22:10]} {[%emt 00:03:38]} c5 {[%clk 01:23:14]} {[%emt
00:02:02]} 9. Bxa6 {[%clk 01:16:20]} {[%emt 00:06:21]} Nxa6 {[%clk 01:23:32]}
{[%emt 00:00:13]} 10. c3 {[%clk 01:16:27]} {[%emt 00:00:23]} Nc7 {[%clk
01:17:41]} {[%emt 00:06:21]} 11. Qe2 {[%clk 01:14:17]} {[%emt 00:02:40]} a6
{[%clk 01:17:06]} {[%emt 00:01:05]} 12. a4 {[%clk 01:08:56]} {[%emt 00:05:52]}
Ne6 {[%clk 01:13:25]} {[%emt 00:04:10]} 13. Bh2 {[%clk 01:07:21]} {[%emt
00:02:05]} c4 {[%clk 01:11:30]} {[%emt 00:02:24]} 14. Ne5 {[%clk 00:47:36]}
{[%emt 00:20:15]} b5 {[%clk 01:08:16]} {[%emt 00:03:45]} 15. e4 {[%clk
00:38:09]} {[%emt 00:09:56]} dxe4 {[%clk 01:07:25]} {[%emt 00:01:21]} 16. Nxe4
{[%clk 00:38:10]} {[%emt 00:00:29]} Qd5 {[%clk 01:07:01]} {[%emt 00:00:54]} 17.
Nxf6+ {[%clk 00:34:16]} {[%emt 00:04:25]} exf6 {[%clk 01:05:47]} {[%emt
00:01:44]} 18. Nf3 {[%clk 00:32:06]} {[%emt 00:02:40]} Rfe8 {[%clk 01:04:44]}
{[%emt 00:01:33]} 19. Qc2 {[%clk 00:26:06]} {[%emt 00:06:30]} Bh6 {[%clk
01:04:05]} {[%emt 00:01:09]} 20. Rfe1 {[%clk 00:18:13]} {[%emt 00:08:23]} Bf4
{[%clk 01:02:34]} {[%emt 00:02:00]} 21. Qe4 {[%clk 00:14:01]} {[%emt 00:04:42]}
Bxh2+ {[%clk 01:01:27]} {[%emt 00:01:37]} 22. Nxh2 {[%clk 00:12:58]} {[%emt
00:01:33]} Qxe4 {[%clk 01:01:25]} {[%emt 00:00:33]} 23. Rxe4 {[%clk 00:13:06]}
{[%emt 00:00:23]} f5 {[%clk 01:01:04]} {[%emt 00:00:50]} 24. Re5 {[%clk
00:11:34]} {[%emt 00:02:02]} bxa4 {[%clk 01:00:27]} {[%emt 00:01:08]} 25. Rxa4
{[%clk 00:10:46]} {[%emt 00:01:18]} Reb8 {[%clk 01:00:09]} {[%emt 00:00:48]} 26.
Ra2 {[%clk 00:07:51]} {[%emt 00:03:25]} Nf4 {[%clk 00:59:01]} {[%emt 00:01:37]}
27. Rc5 {[%clk 00:06:38]} {[%emt 00:01:44]} Nd3 {[%clk 00:56:31]} {[%emt
00:03:00]} 28. Rxc4 {[%clk 00:06:23]} {[%emt 00:00:45]} Nxb2 {[%clk 00:56:35]}
{[%emt 00:00:25]} 29. Rc6 {[%clk 00:06:16]} {[%emt 00:00:38]} Nd3 {[%clk
00:56:05]} {[%emt 00:00:59]} 30. Nf3 {[%clk 00:05:57]} {[%emt 00:00:49]} Rb1+
{[%clk 00:51:47]} {[%emt 00:04:48]} 31. Kh2 {[%clk 00:06:24]} {[%emt 00:00:05]}
a5 {[%clk 00:51:44]} {[%emt 00:00:32]} 32. d5 {[%clk 00:05:45]} {[%emt
00:01:08]} Rd8 {[%clk 00:50:03]} {[%emt 00:02:11]} 33. Rxa5 {[%clk 00:05:03]}
{[%emt 00:01:13]} Nxf2 {[%clk 00:49:50]} {[%emt 00:00:41]} 34. Ra2 {[%clk
00:05:00]} {[%emt 00:00:34]} Rh1+ {[%clk 00:49:27]} {[%emt 00:00:52]} 35. Kg3
{[%clk 00:05:26]} {[%emt 00:00:05]} Ne4+ {[%clk 00:49:22]} {[%emt 00:00:35]} 36.
Kf4 {[%clk 00:05:49]} {[%emt 00:00:08]} Rxd5 {[%clk 00:47:45]} {[%emt
00:02:07]} 37. Rc8+ {[%clk 00:05:23]} {[%emt 00:00:56]} Kg7 {[%clk 00:47:53]}
{[%emt 00:00:22]} 38. c4 {[%clk 00:05:26]} {[%emt 00:00:27]} Rc5 {[%clk
00:45:20]} {[%emt 00:03:02]} 39. Rxc5 {[%clk 00:04:38]} {[%emt 00:01:20]} Nxc5
{[%clk 00:45:40]} {[%emt 00:00:10]} 40. Ke5 {[%clk 00:33:06]} {[%emt 00:02:02]}
Rc1 {[%clk 01:10:18]} {[%emt 00:05:50]} 41. Kd5 {[%clk 00:27:03]} {[%emt
00:06:33]} Ne6 {[%clk 01:09:26]} {[%emt 00:01:22]} 42. Rd2 {[%clk 00:24:08]}
{[%emt 00:03:26]} Kf6 {[%clk 01:02:22]} {[%emt 00:07:34]} 43. Nd4 {[%clk
00:20:24]} {[%emt 00:04:14]} Nc7+ {[%clk 00:58:28]} {[%emt 00:04:25]} 44. Kc5
{[%clk 00:20:08]} {[%emt 00:00:45]} g5 {[%clk 00:57:54]} {[%emt 00:01:04]} 45.
Ne2 {[%clk 00:17:17]} {[%emt 00:03:20]} Ne6+ {[%clk 00:54:22]} {[%emt
00:04:03]} 46. Kd5 {[%clk 00:14:14]} {[%emt 102:03:34]} Nc7+ {[%clk 00:54:27]}
{[%emt 00:00:25]} 47. Kc5 {[%clk 00:13:08]} Ne6+ {[%clk 00:54:30]} {[%emt
00:00:26]} 48. Kd5 {[%clk 00:11:58]} {[%emt 00:01:39]} Nc7+ {[%clk 00:54:41]}
{[%emt 00:00:20]} 49. Kc5 {[%clk 00:10:07]} {[%emt 00:02:22]} Ne6+ {[%emt
00:01:50]} 50. Kb5 {[%emt 00:00:03]} Nc7+ {[%emt 00:00:02]} 51. Kb4 {[%emt
00:00:05]} Rb1+ {[%emt 00:00:04]} 1/2-1/2

[Event "Senior Women Russian Championship 2022_HL"]
[Site "Saint-Petersburg, Russia"]
[Date "2022.09.26"]
[Round "3.7"]
[White "Khropova, Larisa"]
[Black "Grigoryeva, Olga"]
[Result "1/2-1/2"]
[TimeControl "Standard: 90min/40moves+30min/end+30sec increment per move starting from move 1"]
[WhiteElo "2031"]
[BlackElo "1940"]

1. Nf3 {[%clk 01:30:58]} d5 {[%clk 01:30:54]} 2. g3 {[%clk 01:31:21]} Nf6
{[%clk 01:31:16]} 3. Bg2 {[%clk 01:31:43]} c5 {[%clk 01:30:37]} 4. O-O {[%clk
01:30:07]} {[%emt 00:01:16]} Nc6 {[%clk 01:29:50]} {[%emt 00:01:18]} 5. c4
{[%clk 01:28:32]} {[%emt 00:02:05]} d4 {[%clk 01:25:25]} {[%emt 00:04:55]} 6.
d3 {[%clk 01:28:08]} {[%emt 00:00:54]} e5 {[%clk 01:23:44]} {[%emt 00:02:11]} 7.
Nbd2 {[%clk 01:25:42]} {[%emt 00:02:55]} Be7 {[%clk 01:22:49]} {[%emt
00:01:26]} 8. Ng5 {[%clk 01:25:14]} {[%emt 00:00:57]} O-O {[%clk 01:20:01]}
{[%emt 00:03:19]} 9. h4 {[%clk 01:21:53]} {[%emt 00:03:51]} Bd7 {[%clk
01:16:55]} {[%emt 00:03:36]} 10. Nde4 {[%clk 01:19:05]} {[%emt 00:03:17]} Nxe4
{[%clk 01:16:05]} {[%emt 00:01:20]} 11. Nxe4 {[%clk 01:18:20]} {[%emt
00:01:16]} f5 {[%clk 01:15:38]} {[%emt 00:00:56]} 12. Ng5 {[%clk 01:17:42]}
{[%emt 00:01:08]} h6 {[%clk 01:13:50]} {[%emt 00:02:19]} 13. Bd5+ {[%clk
01:17:27]} {[%emt 00:00:45]} Kh8 {[%clk 01:13:55]} {[%emt 00:00:24]} 14. Nf7+
{[%clk 01:17:28]} {[%emt 00:00:29]} Rxf7 {[%clk 01:14:21]} {[%emt 00:00:04]} 15.
Bxf7 {[%clk 01:17:51]} {[%emt 00:00:07]} f4 {[%clk 01:08:58]} {[%emt 00:05:54]}
16. e4 {[%clk 00:43:45]} {[%emt 00:34:36]} dxe3 {[%clk 01:08:49]} {[%emt
00:00:40]} 17. Qh5 {[%clk 00:39:54]} {[%emt 00:04:20]} exf2+ {[%clk 01:07:22]}
{[%emt 00:01:56]} 18. Rxf2 {[%clk 00:40:02]} {[%emt 00:00:22]} Be8 {[%clk
00:51:59]} {[%emt 00:15:53]} 19. Bxe8 {[%clk 00:37:31]} {[%emt 00:03:01]} Qxe8
{[%clk 00:52:28]} {[%emt 00:00:02]} 20. Qxe8+ {[%clk 00:37:47]} {[%emt
00:00:13]} Rxe8 {[%clk 00:52:57]} 21. Kg2 {[%clk 00:33:11]} {[%emt 00:05:08]}
Nb4 {[%clk 00:53:00]} {[%emt 00:00:27]} 22. Re2 {[%clk 00:27:50]} {[%emt
00:05:50]} Nxd3 {[%clk 00:51:12]} {[%emt 00:02:19]} 23. gxf4 {[%clk 00:27:07]}
{[%emt 00:01:13]} Bxh4 {[%clk 00:50:42]} {[%emt 00:01:00]} 24. fxe5 {[%clk
00:27:17]} {[%emt 00:00:19]} Rxe5 {[%clk 00:50:13]} {[%emt 00:00:59]} 25. Rxe5
{[%clk 00:27:36]} {[%emt 00:00:12]} Nxe5 {[%clk 00:50:42]} {[%emt 00:00:01]} 26.
b3 {[%clk 00:27:49]} {[%emt 00:00:17]} Bf6 {[%clk 00:50:32]} {[%emt 00:00:40]}
27. Rb1 {[%clk 00:28:13]} {[%emt 00:00:06]} g5 {[%clk 00:46:00]} {[%emt
00:05:02]} 28. Bb2 {[%clk 00:27:24]} {[%emt 00:01:19]} Kg7 {[%clk 00:44:31]}
{[%emt 00:01:58]} 29. Re1 {[%clk 00:25:43]} {[%emt 00:02:11]} Nc6 {[%clk
00:44:31]} {[%emt 00:00:30]} 30. Bxf6+ {[%clk 00:25:27]} {[%emt 00:00:47]} Kxf6
{[%clk 00:45:00]} {[%emt 00:00:01]} 31. Rh1 {[%clk 00:23:03]} {[%emt 00:02:53]}
Kg6 {[%clk 00:45:10]} {[%emt 00:00:21]} 32. Kf3 {[%clk 00:22:39]} {[%emt
00:00:54]} h5 {[%clk 00:45:02]} {[%emt 00:00:38]} 33. Ke4 {[%clk 00:22:50]}
{[%emt 00:00:19]} g4 {[%clk 00:41:14]} {[%emt 00:04:18]} 34. Kf4 {[%clk
00:20:48]} {[%emt 00:02:32]} Nd4 {[%clk 00:39:46]} {[%emt 00:01:58]} 35. Re1
{[%clk 00:20:45]} {[%emt 00:00:33]} Kf6 {[%clk 00:39:28]} {[%emt 00:00:46]} 36.
Re8 {[%clk 00:17:34]} {[%emt 00:03:43]} Ne6+ {[%clk 00:39:04]} {[%emt
00:00:54]} 37. Kg3 {[%clk 00:17:37]} {[%emt 00:00:27]} Ng7 {[%clk 00:37:05]}
{[%emt 00:02:28]} 38. Rb8 {[%clk 00:16:45]} {[%emt 00:01:23]} Nf5+ {[%clk
00:37:22]} {[%emt 00:00:13]} 39. Kf4 {[%clk 00:16:59]} {[%emt 00:00:16]} Nd4
{[%clk 00:32:13]} {[%emt 00:05:39]} 40. Rxb7 {[%clk 00:46:39]} {[%emt
00:00:50]} Ne6+ {[%clk 01:02:18]} {[%emt 00:00:24]} 41. Kg3 {[%clk 00:45:59]}
{[%emt 00:01:11]} Kg5 {[%clk 01:02:30]} {[%emt 00:00:17]} 42. Rxa7 {[%clk
00:43:44]} {[%emt 00:02:45]} h4+ {[%clk 01:02:48]} {[%emt 00:00:12]} 43. Kf2
{[%clk 00:43:20]} {[%emt 00:00:54]} g3+ {[%clk 01:03:09]} {[%emt 00:00:10]} 44.
Kf3 {[%clk 00:43:27]} {[%emt 00:00:23]} Nd4+ {[%clk 01:03:22]} {[%emt
00:00:17]} 45. Kg2 {[%clk 00:43:44]} {[%emt 00:00:13]} Ne6 {[%clk 00:58:20]}
{[%emt 00:05:32]} 46. Ra8 {[%clk 00:44:02]} {[%emt 00:00:13]} Kg4 {[%clk
00:56:24]} {[%emt 00:02:25]} 47. Rg8+ {[%clk 00:31:41]} {[%emt 00:12:50]} Ng5
{[%clk 00:56:06]} {[%emt 00:00:48]} 48. a4 {[%clk 00:26:08]} {[%emt 00:06:04]}
h3+ {[%clk 00:56:18]} {[%emt 00:00:17]} 49. Kg1 {[%clk 00:25:26]} {[%emt
00:01:13]} Kf4 {[%clk 00:54:56]} {[%emt 00:01:52]} 50. Rf8+ {[%clk 00:25:44]}
{[%emt 00:00:11]} Kg4 {[%clk 00:55:22]} {[%emt 00:00:04]} 51. Rg8 {[%clk
00:26:06]} {[%emt 00:00:08]} 1/2-1/2

[Event "Senior Women Russian Championship 2022_HL"]
[Site "Saint-Petersburg, Russia"]
[Date "2022.09.26"]
[Round "3.8"]
[White "Titorenko, Natalia I"]
[Black "Kazantseva, Alla"]
[Result "1-0"]
[TimeControl "Standard: 90min/40moves+30min/end+30sec increment per move starting from move 1"]
[WhiteElo "2024"]
[BlackElo "1654"]

1. e4 {[%clk 01:30:57]} {[%emt 00:00:01]} e5 {[%clk 01:30:53]} 2. Nf3 {[%clk
01:31:25]} Nc6 {[%clk 01:31:09]} 3. Bb5 {[%clk 01:31:50]} g6 {[%clk 01:31:29]}
4. O-O {[%clk 01:14:46]} {[%emt 00:15:46]} Bg7 {[%clk 01:31:53]} {[%emt
00:00:06]} 5. c3 {[%clk 01:11:43]} {[%emt 00:03:33]} a6 {[%clk 01:32:02]}
{[%emt 00:00:21]} 6. Ba4 {[%clk 01:09:18]} {[%emt 00:02:56]} d6 {[%clk
01:28:27]} {[%emt 00:04:04]} 7. h3 {[%clk 00:57:48]} {[%emt 00:12:00]} Nf6
{[%clk 01:25:41]} {[%emt 00:03:16]} 8. d3 {[%clk 00:45:08]} {[%emt 00:13:10]}
b5 {[%clk 01:22:55]} {[%emt 00:03:16]} 9. Bb3 {[%clk 00:45:02]} {[%emt
00:00:37]} h6 {[%clk 01:23:16]} {[%emt 00:00:08]} 10. a4 {[%clk 00:35:36]}
{[%emt 00:09:57]} b4 {[%clk 01:20:26]} {[%emt 00:03:20]} 11. a5 {[%clk
00:31:59]} {[%emt 00:04:07]} Rb8 {[%clk 01:16:36]} {[%emt 00:04:19]} 12. Ba4
{[%clk 00:14:01]} {[%emt 00:18:28]} Bd7 {[%clk 01:16:54]} {[%emt 00:00:11]} 13.
Bd2 {[%clk 00:09:59]} {[%emt 00:04:33]} bxc3 {[%clk 01:15:50]} {[%emt
00:01:34]} 14. bxc3 {[%clk 00:07:45]} {[%emt 00:02:44]} O-O {[%clk 01:15:45]}
{[%emt 00:00:34]} 15. Bxc6 {[%clk 00:07:07]} {[%emt 00:01:09]} Bxc6 {[%clk
01:16:02]} {[%emt 00:00:13]} 16. c4 {[%clk 00:07:21]} {[%emt 00:00:16]} Nh7
{[%clk 01:09:55]} {[%emt 00:06:37]} 17. Nc3 {[%clk 00:04:02]} {[%emt 00:03:49]}
f5 {[%clk 01:09:36]} {[%emt 00:00:48]} 18. Nd5 {[%clk 00:02:50]} {[%emt
00:01:43]} f4 {[%clk 01:03:36]} {[%emt 00:06:29]} 19. Qe2 {[%clk 00:02:51]}
{[%emt 00:00:29]} Nf6 {[%clk 00:52:55]} {[%emt 00:11:11]} 20. Rab1 {[%clk
00:02:57]} {[%emt 00:00:26]} Nxd5 {[%clk 00:52:51]} {[%emt 00:00:32]} 21. cxd5
{[%clk 00:03:11]} {[%emt 00:00:17]} Bd7 {[%clk 00:52:33]} {[%emt 00:00:47]} 22.
Rxb8 {[%clk 00:02:06]} {[%emt 00:01:37]} Qxb8 {[%clk 00:53:02]} 23. Rc1 {[%clk
00:02:22]} {[%emt 00:00:13]} Qa7 {[%clk 00:49:27]} {[%emt 00:04:04]} 24. Be1
{[%clk 00:02:19]} {[%emt 00:00:33]} g5 {[%clk 00:47:01]} {[%emt 00:02:56]} 25.
Nd2 {[%clk 00:02:15]} {[%emt 00:00:35]} Bb5 {[%clk 00:45:07]} {[%emt 00:02:23]}
26. Nc4 {[%clk 00:02:13]} {[%emt 00:00:33]} Kh7 {[%clk 00:43:38]} {[%emt
00:01:58]} 27. Kh2 {[%clk 00:02:30]} {[%emt 00:00:13]} Kg6 {[%clk 00:39:00]}
{[%emt 00:05:08]} 28. f3 {[%clk 00:02:28]} {[%emt 00:00:33]} Qb8 {[%clk
00:37:02]} {[%emt 00:02:27]} 29. Na3 {[%clk 00:02:13]} {[%emt 00:00:46]} Bd7
{[%clk 00:33:32]} {[%emt 00:03:58]} 30. Qc2 {[%clk 00:02:22]} {[%emt 00:00:23]}
Rc8 {[%clk 00:34:01]} {[%emt 00:00:02]} 31. Rb1 {[%clk 00:02:30]} {[%emt
00:00:21]} Qa8 {[%clk 00:33:06]} {[%emt 00:01:22]} 32. Qb2 {[%clk 00:01:57]}
{[%emt 00:01:06]} Bf6 {[%clk 00:32:06]} {[%emt 00:01:30]} 33. Qb7 {[%clk
00:02:10]} {[%emt 00:00:16]} Bd8 {[%clk 00:30:01]} {[%emt 00:02:34]} 34. Qxa8
{[%clk 00:01:59]} {[%emt 00:00:43]} Rxa8 {[%clk 00:30:18]} {[%emt 00:00:12]} 35.
Rb7 {[%clk 00:01:43]} {[%emt 00:00:46]} Bc8 {[%clk 00:29:32]} {[%emt 00:01:14]}
36. Rb3 {[%clk 00:01:49]} {[%emt 00:00:26]} Ra7 {[%clk 00:29:48]} {[%emt
00:00:13]} 37. Rb8 {[%clk 00:01:57]} {[%emt 00:00:23]} 1-0